[Event "Rethymno op 3rd"]
[Site "Rethymno"]
[Date "2011.07.16"]
[Round "7"]
[White "Vafiadis, Kleanthis"]
[Black "Alimpinisis, Nikolaos"]
[Result "1-0"]
[WhiteElo "2301"]
[BlackElo "1883"]
[PlyCount "89"]
[EventDate "2011.07.11"]
[EventType "swiss"]
[EventRounds "9"]
[EventCountry "GRE"]
[SourceTitle "CBM 143 Extra"]
[Source "ChessBase"]
[SourceDate "2011.08.29"]
[SourceVersion "1"]
[SourceVersionDate "2011.08.29"]
[SourceQuality "1"]

1. d4 e6 2. Nd2 f5 3. e4 fxe4 4. Nxe4 Nf6 5. Bd3 Be7 6. Nxf6+ Bxf6 7. Qh5+ g6 8. Qh6 Qe7 9. Nf3 Qg7 10. h4 Nc6 11. c3 d6 12. h5 Ne7 13. hxg6 Nxg6 14. Qxg7 Bxg7 15. Rxh7 Kf7 16. Ng5+ Kf6 17. Bd2 Bd7 18. 0-0-0 e5 19. Rdh1 Nf4 20. Bxf4 exf4 21. Ne4+ Kf7 22. R1h4 Rxh7 23. Ng5+ Ke7 24. Rxh7 Kf6 25. Ne4+ Kf7 26. Rh4 Ke7 27. Kc2 Rf8 28. Rh7 Kf7 29. Ng5+ Kf6 30. Rh5 Ke7 31. Nh7 Rh8 32. Rh4 c5 33. Rxf4 cxd4 34. Bg6 Be6 35. Re4 Kd7 36. Ng5 Bd5 37. Bf5+ Kc6 38. Rg4 dxc3 39. Ne4 Bd4 40. bxc3 Bb6 41. Rg6 Bc7 42. Nf6 Rf8 43. Bd7+ Kc5 44. Nxd5 Rxf2+ 45. Kd3 1-0

[Event "Rethymno op 3rd"]
[Site "Rethymno"]
[Date "2011.07.11"]
[Round "1"]
[White "Rychagov, Andrey"]
[Black "Alimpinisis, Nikolaos"]
[Result "1-0"]
[WhiteElo "2560"]
[BlackElo "1883"]
[PlyCount "85"]
[EventDate "2011.07.11"]
[EventType "swiss"]
[EventRounds "9"]
[EventCountry "GRE"]
[SourceTitle "CBM 143 Extra"]
[Source "ChessBase"]
[SourceDate "2011.08.29"]
[SourceVersion "1"]
[SourceVersionDate "2011.08.29"]
[SourceQuality "1"]

1. d4 d5 2. c4 e6 3. Nf3 Nf6 4. Nc3 c6 5. e3 Nbd7 6. Qc2 Bd6 7. b3 b6 8. Be2 Bb7 9. 0-0 Rc8 10. e4 dxe4 11. Nxe4 Be7 12. Bf4 Nxe4 13. Qxe4 Nf6 14. Qc2 0-0 15. Rad1 h6 16. Ne5 Bd6 17. Bf3 Qe7 18. Rfe1 Rfd8 19. Bg3 Qf8 20. h3 Ba8 21. Bh4 Be7 22. Rd3 Nd7 23. Bg3 Bd6 24. Red1 Be7 25. Bh5 Nxe5 26. Bxe5 Bd6 27. c5 Bxe5 28. dxe5 g6 29. Bxg6 fxg6 30. Rxd8 Rxd8 31. Qxg6+ Kh8 32. Rxd8 Qxd8 33. Qxh6+ Kg8 34. Qxe6+ Kg7 35. Qd6 Qxd6 36. cxd6 Kf7 37. f4 c5 38. f5 Bd5 39. g4 b5 40. g5 c4 41. bxc4 Bxc4 42. g6+ Ke8 43. e6 1-0